Detalles MARC
| 000 -LÍDER |
| Campo fijo de descripción fija |
02021nam a2200349 i 4500 |
| 001 - NÚMERO DE CONTROL |
| Campo de control |
768714001 |
| 003 - IDENTIFICADOR DEL NÚMERO DE CONTROL |
| Campo de control |
CO-MdFUSB |
| 005 - FECHA Y HORA DE LA ULTIMA TRANSACCIÓN |
| control field |
20240531062749.0 |
| 007 - CAMPO FIJO DE DESCRIPCIÓN FIJA--INFORMACIÓN GENERAL |
| Campo fijo de descripción fija |
ta |
| 008 - ELEMENTOS DE LONGITUD FIJA -- INFORMACIÓN GENERAL |
| Campo fijo de descripción fija -- Información general |
810521t19061905enk 000 0 eng d |
| 020 ## - NÚMERO INTERNACIONAL NORMALIZADO PARA LIBROS |
| Número Internacional Normalizado del libro |
[No incluye ISBN] |
| 040 ## - FUENTE DE CATALOGACIÓN |
| Agencia de catalogación original |
ODC |
| Agencia que realiza la transcripción |
CO-MdFUSB |
| Agencia que realiza la modificación |
CBC |
| Idioma de catalogación |
spa |
| Convenciones de la descripción |
rda |
| 041 ## - CÓDIGO DE IDIOMA |
| Código de idioma para texto/pista de sonido o título separado |
eng |
| 082 ## - NÚMERO DE CLASIFICACIÓN DECIMAL DEWEY |
| Número de la edición del Dewey |
23 |
| Número de clasificación |
230.011 |
| Clave de autor-Numero de item |
ES78 |
| 090 ## - SIGNATURA TOPOGRÁFICA LOCAL |
| Número de clasificación local |
BR50 |
| 245 10 - TÍTULO |
| Título del Material |
Essays on some theological questions of the day |
| Mención de responsabilidad, etc. |
/ members of the University of Cambridge ; editado por Henry Barclay Swete. |
| 264 #1 - PRODUCCIÓN, PUBLICACIÓN, DISTRIBUCIÓN, MANUFACTURA, Y COPYRIGHT |
| Lugar de producción, publicación, distribución, manufactura |
London : |
| Nombre del productor, publicador, distribuidor |
Macmillan and Co. Limited, |
| Fecha de producción, publicación, distribución, manufactura, o copyright |
[1905] |
| 264 #4 - PRODUCCIÓN, PUBLICACIÓN, DISTRIBUCIÓN, MANUFACTURA, Y COPYRIGHT |
| Fecha de producción, publicación, distribución, manufactura, o copyright |
© 1905 |
| 300 ## - DESCRIPCIÓN FÍSICA |
| Extensión |
599 páginas ; |
| Dimensiones |
24 cm. |
| 336 ## - TIPO DE CONTENIDO |
| Fuente |
rdacontent |
| Término de tipo de contenido |
texto |
| Código de tipo de contenido |
txt |
| 337 ## - TIPO DE MEDIO |
| Fuente |
rdamedia |
| Nombre del tipo de medio |
sin mediación |
| Código del tipo de medio |
n |
| 338 ## - TIPO DE SOPORTE |
| Fuente |
rdacarrier |
| Nombre del tipo de soporte |
volumen |
| Código Tipo de soporte |
nc |
| 490 ## - MENCIÓN DE SERIE |
| Mención de serie |
Cambridge theological essays. |
| 505 ## - NOTA DE CONTENIDO |
| Nota de contenido con formato preestablecido |
Prefacio. -- 1. El punto de vista cristiano / William Cunningham. -- 2. El ser de Dios, a la luz de la ciencia física / FR Tennant. -- 3. El ser de Dios, a la luz de la filosofía / Alfred Caldecott. -- 4. El origen del hombre y su lugar en la naturaleza / WLH Duckworth.-- 5. El pecado y la necesidad de expiación / EH Askwith.-- 6. La idea de la revelación, a la luz del conocimiento y la investigación modernos / JM Wilson. -- 7. Oración, en relación con la idea de ley / AW Robinson. -- 8. La evidencia espiritual e histórica de los milagros / JOF Murray. -- 9. El valor permanente del Antiguo Testamento / WE Barnes. -- 10. Los evangelios, a la luz de la crítica histórica / EH Chase. -- 11. Cristo en el Nuevo Testamento: El retrato primitivo / AJ Mason. -- 12. Cristo en la Iglesia: El testimonio de la historia / FJ Foakes-Jackson. -- 13. Doctrinas cristianas y su significado ético / JF Bethune-Baker. -- 14. El ideal cristiano y la esperanza cristiana / HM Butler. |
| 563 ## - NOTA DE ENCUADERNACIÓN |
| Nota de encuadernación |
Tapa dura |
| 650 #7 - ASIENTO SECUNDARIO DE MATERIA - TERMINO TEMÁTICO |
| Término temático o nombre geográfico como elemento de entrada |
Cristianismo |
| Fuente del encabezamiento o término |
|
| 9 (RLIN) |
22 |
| 650 #7 - ASIENTO SECUNDARIO DE MATERIA - TERMINO TEMÁTICO |
| Término temático o nombre geográfico como elemento de entrada |
Teología doctrinal |
| 9 (RLIN) |
179 |
| 700 ## - ASIENTO SECUNDARIO - NOMBRE PERSONAL |
| 9 (RLIN) |
5014 |
| Nombre personal |
Swete, Henry Barclay, |
| Responsabilidad |
editor |
| 942 ## - TIPO DE MATERIAL (KOHA) |
| Tipo de Item KOHA |
Libros General |
| 945 ## - INFORMACIÓN LOCAL DEL REGISTRO |
| Catalogador |
JTF-925 |